000 00697nam a22002297i 4500
003 URS
005 20230817135800.0
008 180529b xxu||||| |||| 00| 0 eng d
020 _a971-08-0411-1
040 _erda
_curs
_beng
050 1 4 _aHF5415.13
_b.P9359 1984
245 0 0 _aPrinciples of marketing management /
_cFelicitas U. Evangelista, [and six others].
264 1 _aMandaluyong City :
_bNational Book Store,
_c[date of publication not identified].
264 4 _c©1984.
300 _axx, 611 pages ;
_c24 cm.
336 _2rdacontent
_atext
337 _2rdamedia
_aunmediated
338 _2rdacarrier
_avolume
500 _aIncludes index.
650 0 _aMarketing
942 _cF
_2lcc
999 _c72500
_d72499